000 00689nam a22002417a 4500
003 UA-OsUOA
001 100355
007 ta
008 20130527b un ||||| |||| 00| 0 ukr d
100 _aЧернов Ю.
090 _a821.161.1
_bЧ-49
942 _cBK
040 _aUA-OsUOA
_brus
_cUA-OsUOA
_dUA-OsUOA
245 _aСподвижники
_bповесть о Пантелеймоне Лепешинском
300 _a410 с.
_bІлюстрації
955 _a3
041 _arus
080 _a821.161.1
260 _aМ.
_bПолитиздат
_c1986
044 _aRU
650 7 _a82 Література. Літературознавство
_2UDC
999 _c386597
_d386597